Normal view
MARC view
Entry Topical Term
001 - CONTROL NUMBER
- control field: 16405
003 - CONTROL NUMBER IDENTIFIER
- control field: BD-RjUL
005 - DATE AND TIME OF LATEST TRANSACTION
- control field: 20250803105942.0
008 - FIXED-LENGTH DATA ELEMENTS
- fixed length control field: 250803|| aca||aabn | a|a d
040 ## - CATALOGING SOURCE
- Original cataloging agency: BD-RjUL
- Transcribing agency: BD-RjUL
150 ## - HEADING--TOPICAL TERM
- Topical term or geographic name entry element: Bengali fiction
670 ## - SOURCE DATA FOUND
- Source citation: Work cat.: (BD-RjUL)85405: রশিদ, মো. আব্দুর 16403, হরিশংকর জলদাসের উপন্যাসে প্রান্তিক মানুষের জীবনবোধ = [Life Experience of Marginal People in the Novel of Harishankar Jaladas] /, ২০২৪